Normal view
MARC view
- عثمانيون - تاريخ
Entry Topical Term
001 - CONTROL NUMBER
- control field: 20455
003 - CONTROL NUMBER IDENTIFIER
- control field: JO-AjAnu
005 - DATE AND TIME OF LATEST TRANSACTION
- control field: 20230606073546.0
008 - FIXED-LENGTH DATA ELEMENTS
- fixed length control field: 230606|| aca||aabn | a|a d
040 ## - CATALOGING SOURCE
- Original cataloging agency: JO-AjAnu
- Transcribing agency: JO-AjAnu
150 ## - HEADING--TOPICAL TERM
- Topical term or geographic name entry element: عثمانيون - تاريخ
670 ## - SOURCE DATA FOUND
- Source citation: Work cat.: (JO-AjAnu)10503: بن طاووس، احمد بن موسى بن جعفر؛ تحقيق وتقديم السامرائي، ابراهيم, author 20454, بناء المقالة الفاطمية في نقض الرسالة العثمانية